1901 1267 1071 1630 1197 1762 1088 1754 1478 1539 1257 1822 1108 1268 1944 1112 1554 1992 1144 1017 1221 1110 1009 1607 1811 1131 1423 1745 1481 1392 1915 1269 1885 1092 1883 1371 1889 1415 1346 1385 1167 1225 1470 1121 1984 1376 1018 1366 1906 1933 1568 1893 1786 1354 1328 1288 1256 1085 1484 1678 1721 1366 1698 1644 1190 1392 1881 1215 1591 1797 1308 1414 1599 1291 1707 1551 1022 1167 1649 1324 1387 1598 2000 1934 1382 1510 1816 1255 1424 1498 1516 1559 1967 1258 1537 1455 1298 1192 1867 BCNSPRNW ULIB Ver.6.0+V

เปลี่ยนเป็นภาษาไทย

Change to English
 แสดงรายละเอียดบรรณานุกรม
  กลับหน้าหลัก

Brief Record : Get Marc (ISO 2709) : E-mail record : QR code < ปิดหน้าต่าง
LEADER : 00000nam 2200000uu 4500
001    13399110181
003     ULIB
008    110419s2551||||th 000 0 tha d
020    9789740409137
060 04 WK102^bส773H 2551
100 0  สุทธิพงศ์ วัชรสินธุ
245 00 Hi! Hormone=^bรู้จักฮอร์โมนสักนิด เพื่อชีวิตที่ดีของลูก /^cสุทธิพงศ์ วัชรสินธุ
250    พิมพ์ครั้งที่ 1
260    กรุงเทพฯ :^bซีเอ็ดยูเคชั่น,^c2551
300    109 หน้า :^bภาพประกอบ
650  7 ฮอร์โมน
650  7 ลูก
945    ^p190^l0^i024388
995    ทศพร
999 ^a ใช้งานได้ทุกระบบ
รายการนี้ยังไม่มีแท็ก
คุณยังไม่ได้ล็อกอิน คุณสามารถมีกิจกรรมร่วมกับเว็บไซต์ได้ แต่ต้องล็อกอินก่อน ::
  ล็อกอิน

รายการสื่อสารสนเทศ

ลำดับที่ ประเภท เลขเรียก/บาร์โค้ด สถานที่ สถานะ
- ไม่พบข้อมูล -

รายการใกล้เคียง
    ผู้แต่ง [สุทธิพงศ์ วัชรสินธุ]

    หัวเรื่อง [ฮอร์โมน]
    หัวเรื่อง [ลูก]

BibComment


ยังไม่เคยถูกคอมเมนท์

คอมเมนท์ทรัพยากรรายการนี้
  คอมเมนท์: Hi Hormone รู้จัก..


 Copyright 2026. Bcnsprnw @Library